[Event "2020 Summer Classic"]
[Site "Chess.com"]
[Date "2020.08.15"]
[Round "4"]
[White "chesslifeforme"]
[Black "honeybeee91"]
[Result "0-1"]
[WhiteElo "1076"]
[BlackElo "1201"]

1. d4 } 1... d5 } 2. Nf3 } 2... c5 } 3. c3 } 3... Bf5 } 4. Nbd2 } 4... e6 } 5.
e3 } 5... Nf6 } 6. Bb5+ } 6... Nc6 } 7. O-O } 7... a6 } 8. Bxc6+ } 8... bxc6 }
9. Nb3 } 9... c4 } 10. Nbd2 } 10... Bd6 } 11. b3 } 11... cxb3 } 12. axb3 }
12... O-O } 13. c4 } 13... Qc7 } 14. Bb2 } 14... Bg4 } 15. Qc2 } 15... Rfb8 }
16. Qd3 } 16... Bf5 } 17. Qc3 } 17... Bb4 } 18. Qc1 } 18... Bd6 } 19. c5 }
19... Be7 } 20. Qc3 } 20... Ne4 } 21. Nxe4 } 21... Bxe4 } 22. Ne5 } 22... Bf6
} 23. Qd2 } 23... Bxe5 } 24. dxe5 } 24... Rxb3 } 25. Bd4 } 25... Rd3 } 26. Qe2
} 26... Rb3 } 27. Qg4 } 27... Bf5 } 28. Qf4 } 28... a5 } 29. f3 } 29... a4 }
30. e4 } 30... Bg6 } 31. Qg5 } 31... Rb4 } 32. Bc3 } 32... Rc4 } 33. Bb2 }
33... Rxc5 } 34. Ba3 } 34... Rc4 } 35. Bd6 } 35... Qb6+ } 36. Kh1 } 36... Qb7
} 37. Rab1 } 37... Qd7 } 38. Rb8+ } 38... Rxb8 } 39. Bxb8 } 39... Rb4 } 40.
Bd6 } 40... Rb6 } 41. Ra1 } 41... Ra6 } 42. h3 } 42... h6 } 43. Qe7 } 43...
Qxe7 } 44. Bxe7 } 44... Kh7 } 45. exd5 } 45... cxd5 } 46. Bc5 } 46... Bd3 }
47. Bd4 } 47... Kg6 } 48. h4 } 48... Kf5 } 49. Kh2 } 49... a3 } 50. g4+ }
50... Kf4 } 51. Kg2 } 51... Be2 } 52. Kf2 } 52... Bxf3 } 53. g5 } 53... hxg5 }
54. h5 } 54... Bxh5 } 55. Bc3 } 55... Bg6 } 56. Ke2 } 56... g4 } 57. Kf2 }
57... a2 } 58. Kg2 } 58... Be4+ } 59. Kf2 } 59... g3+ } 60. Kg1 } 60... g2 }
61. Kf2 } 61... Kf5 } 62. Bb2 } 62... f6 } 63. exf6 } 63... gxf6 } 64. Bd4 }
64... e5 } 65. Bc5 } 65... Kf4 } 66. Be3+ } 66... Kg4 } 67. Bh6 } 67... f5 }
68. Bg7 } 68... f4 } 69. Bxe5 } 69... f3 } 70. Bd4 } 70... Kh3 } 71. Kg1 }
71... Kg3 } 72. Bf2+ } 72... Kf4 } 73. Bd4 } 73... Ra4 } 74. Bc5 } 74... Rc4 }
75. Bb6 } 75... Rc2 } 76. Ba5 } 76... d4 } 77. Bb4 } 77... d3 } 78. Ba5 }
78... Ke3 } 79. Bb6+ } 79... Ke2 } 80. Ba7 } 80... Rb2 } 81. Bd4 } 81... Rb1+
} 82. Kh2 } 82... Rxa1 } 83. Bxa1 } 83... d2 } 84. Kg3 } 84... f2 } 85. Kf4 }
85... f1=Q+ } 86. Kxe4 } 86... d1=Q } 87. Ke5 } 87... g1=Q } 88. Ke4 } 88...
Qe3# } 0-1

[Event "2020 Summer Classic"]
[Site "Chess.com"]
[Date "2020.08.15"]
[Round "4"]
[White "troitzky104"]
[Black "little_pikachu_soya"]
[Result "1-0"]
[WhiteElo "1526"]
[BlackElo "1561"]

1. e4 } 1... c5 } 2. Nf3 } 2... e6 } 3. d3 } 3... Nf6 } 4. g3 } 4... Nc6 } 5.
Bg2 } 5... Be7 } 6. O-O } 6... O-O } 7. Re1 } 7... d5 } 8. e5 } 8... Nd7 } 9.
h4 } 9... Qc7 } 10. Bf4 } 10... b6 } 11. c3 } 11... Bb7 } 12. d4 } 12... Rfd8
} 13. Nbd2 } 13... Rac8 } 14. Rc1 } 14... Qb8 } 15. Nf1 } 15... cxd4 } 16.
cxd4 } 16... Nb4 } 17. a3 } 17... Rxc1 } 18. Bxc1 } 18... Nc6 } 19. N1h2 }
19... Qc7 } 20. Ng5 } 20... h6 } 21. Nh3 } 21... Na5 } 22. Qg4 } 22... Kh7 }
23. Bf1 } 23... f5 } 24. exf6 } 24... Nxf6 } 25. Bd3+ } 25... Kh8 } 26. Qxe6 }
26... Re8 } 27. Qf5 } 27... Qc8 } 28. Qxc8 } 28... Bxc8 } 29. Nf4 } 29... Kg8
} 30. Bg6 } 30... Kf8 } 31. Bxe8 } 31... Kxe8 } 32. Ng6 } 32... Nc6 } 33. Nf3
} 33... Kf7 } 34. Nxe7 } 34... Nxe7 } 35. Be3 } 35... Ne4 } 36. Rc1 } {#r} 1-0

[Event "2020 Summer Classic"]
[Site "Chess.com"]
[Date "2020.08.15"]
[Round "4"]
[White "Ok_At_Chess"]
[Black "iballisticsquid123"]
[Result "1-0"]
[WhiteElo "1664"]
[BlackElo "1819"]

1. e4 } 1... c5 } 2. Nf3 } 2... g6 } 3. d4 } 3... cxd4 } 4. Nxd4 } 4... Bg7 }
5. Nc3 } 5... Nc6 } 6. Be3 } 6... Nf6 } 7. f3 } 7... O-O } 8. Qd2 } 8... d5 }
9. O-O-O } 9... dxe4 } 10. fxe4 } 10... Nxd4 } 11. Bxd4 } 11... Be6 } 12. h4 }
12... Ng4 } 13. Bxg7 } 13... Qxd2+ } 14. Rxd2 } 14... Kxg7 } 15. Bd3 } 15...
Rfd8 } 16. h5 } 16... Rac8 } 17. hxg6 } 17... hxg6 } 18. Be2 } 18... Rxd2 }
19. Kxd2 } 19... Rd8+ } 20. Kc1 } 20... Ne3 } 21. Bf3 } 21... g5 } 22. Re1 }
22... Nc4 } 23. e5 } 23... b6 } 24. b3 } 24... Na5 } 25. Nb5 } 25... Rd7 } 26.
Rd1 } 26... g4 } 27. Be4 } 27... a6 } 28. Rxd7 } 28... Bxd7 } 29. Nc7 } 29...
Nc6 } 30. e6 } 30... fxe6 } 31. Nxe6+ } 31... Kf6 } 32. Nf8 } 32... Ke5 } 33.
Nxd7+ } 33... Kxe4 } 34. Kd2 } 34... Kf4 } 35. Ke2 } 35... Kg3 } 36. Kf1 }
36... Nb4 } 37. c4 } 37... b5 } 38. cxb5 } 38... axb5 } 39. a4 } 39... bxa4 }
40. bxa4 } 40... Nc6 } 41. Nc5 } 41... e5 } 42. Ne4+ } 42... Kf4 } 43. Nc3 }
43... Ke3 } 44. Nd5+ } 44... Ke4 } 45. Nc3+ } 45... Kd3 } 46. Nd5 } 46... e4 }
47. Kf2 } 47... Kd2 } 48. Kg3 } 48... Nb4 } 49. Nf4 } 49... e3 } 50. a5 }
50... Nd5 } 51. a6 } 51... Nxf4 } 52. Kxf4 } 52... e2 } 53. a7 } 53... e1=Q }
54. a8=Q } 54... Qe6 } 55. Qe4 } 55... Qd7 } 56. Qf5 } 56... Qd4+ } 57. Qe4 }
57... Qd7 } 58. Kg3 } 58... Qg7 } 59. Qxg4 } 59... Qc3+ } 60. Kh4 } 60... Qh8+
} 61. Qh5 } 61... Qd4+ } 62. g4 } 62... Qf2+ } 63. Kg5 } 63... Qe3+ } 64. Kg6
} 64... Qe6+ } 65. Kh7 } 65... Qe7+ } 66. Kg8 } 66... Qe6+ } 67. Kg7 } 67...
Qe7+ } 68. Qf7 } 68... Qg5+ } 69. Qg6 } 69... Qe7+ } 70. Kg8 } 70... Qd8+ }
71. Kf7 } 71... Qd7+ } 72. Kf6 } 72... Qd6+ } 73. Kg5 } 73... Qe5+ } 74. Qf5 }
74... Qe7+ } 75. Kh5 } 75... Qe8+ } 76. Qg6 } 76... Qd7 } 77. Qf6 } 77... Qe8+
} 78. Kh6 } 78... Ke3 } 79. g5 } 79... Qd7 } 80. Qe5+ } 80... Kf3 } 81. g6 }
81... Qc6 } 82. Kh5 } 82... Qd7 } 83. g7 } 83... Qh3+ } 84. Kg6 } 84... Qg4+ }
85. Qg5 } 85... Qc4 } 86. Qf5+ } 86... Ke3 } 87. Kh7 } 87... Qh4+ } 88. Kg6 }
88... Qc4 } 89. Kf6 } 89... Kd2 } 90. Qg5+ } {#r} 1-0

[Event "2020 Summer Classic"]
[Site "Chess.com"]
[Date "2020.08.15"]
[Round "4"]
[White "siegfried23"]
[Black "Jeffrey944"]
[Result "1-0"]
[WhiteElo "1590"]
[BlackElo "1498"]

1. d4 } 1... Nf6 } 2. c4 } 2... g6 } 3. Nc3 } 3... d5 } 4. Nf3 } 4... Bg7 } 5.
e3 } 5... O-O } 6. Be2 } 6... dxc4 } 7. Bxc4 } 7... c6 } 8. O-O } 8... Nbd7 }
9. e4 } 9... Nb6 } 10. Bd3 } 10... Bg4 } 11. Be3 } 11... Qd7 } 12. h3 } 12...
Bxf3 } 13. Qxf3 } 13... Rad8 } 14. e5 } 14... Nfd5 } 15. Ne4 } 15... f6 } 16.
Nc5 } 16... Qc8 } 17. exf6 } 17... exf6 } 18. Rac1 } 18... Rfe8 } 19. Qg3 }
19... Nxe3 } 20. fxe3 } 20... f5 } 21. Kh1 } 21... Kh8 } 22. Bc2 } 22... Nc4 }
23. Rfe1 } 23... Bh6 } 24. Bb3 } 24... Nxe3 } 25. Qh4 } 25... Bg7 } 26. Ne6 }
26... Rd7 } 27. Nxg7 } 27... Kxg7 } 28. Qg3 } 28... Rde7 } 29. Rc3 } 29... Qd7
} 30. Rcxe3 } 30... Rxe3 } 31. Rxe3 } 31... f4 } 32. Qxf4 } 32... Rxe3 } 33.
Qxe3 } 33... Kf6 } 34. Qe5# } 1-0

[Event "2020 Summer Classic"]
[Site "Chess.com"]
[Date "2020.08.15"]
[Round "4"]
[White "TofuNightmare"]
[Black "xmaselephant"]
[Result "0-1"]
[WhiteElo "1016"]
[BlackElo "1247"]

1. d4 } 1... Nf6 } 2. c4 } 2... g6 } 3. Nf3 } 3... d5 } 4. Nc3 } 4... Bg7 } 5.
cxd5 } 5... Nxd5 } 6. e4 } 6... Nb6 } 7. e5 } 7... Bg4 } 8. Be2 } 8... Nc6 }
9. h3 } 9... Bxf3 } 10. Bxf3 } 10... Nxd4 } 11. Bxb7 } 11... Rb8 } 12. Be3 }
12... Bxe5 } 13. Bf3 } 13... Nxf3+ } 14. Qxf3 } 14... Bg7 } 15. Rd1 } 15...
Qc8 } 16. Qc6+ } 16... Kf8 } 17. b4 } 17... Bxc3+ } 18. Qxc3 } 18... f6 } 19.
Bc5 } 19... Qe6+ } 20. Qe3 } 20... Qxe3+ } 21. Bxe3 } 21... Ra8 } 22. O-O }
22... Kf7 } 23. Rc1 } 23... Rhc8 } 24. Rc2 } 24... Nd5 } 25. a3 } 25... a5 }
26. Rfc1 } 26... axb4 } 27. axb4 } 27... Nxb4 } 28. Rxc7 } 28... Rxc7 } 29.
Rxc7 } 29... Nd5 } 30. Rd7 } 30... Nxe3 } 31. fxe3 } 31... Ke8 } 32. Rd3 }
32... e5 } 33. Rd6 } 33... Ke7 } 34. Rb6 } 34... h5 } 35. Rb7+ } 35... Ke6 }
36. Rb6+ } 36... Kf5 } 37. Kf2 } 37... g5 } 38. Rb4 } 38... Ra2+ } 39. Kf1 }
39... Ra1+ } 40. Kf2 } 40... Rh1 } 41. Kf3 } 41... Rc1 } 42. e4+ } 42... Ke6 }
43. Rb6+ } 43... Kd7 } 44. Rb7+ } 44... Rc7 } 45. Rb6 } 45... Rc1 } 46. Rb7+ }
46... Rc7 } 47. Rb6 } 47... Rc3+ } 48. Kf2 } 48... Rc6 } 49. Rb2 } 49... Ke6 }
50. g4 } 50... hxg4 } 51. hxg4 } 51... Rc8 } 52. Rb3 } 52... Rc2+ } 53. Kf3 }
53... Kf7 } 54. Re3 } 54... Kg6 } 55. Rd3 } 55... Rc4 } 56. Re3 } 56... Kf7 }
57. Rd3 } 57... Ke6 } 58. Re3 } 58... Rd4 } 59. Rc3 } 59... Kd6 } 60. Ra3 }
60... Kc5 } 61. Ra5+ } 61... Kb4 } 62. Ra1 } 62... Rd3+ } 63. Ke2 } 63... Rg3
} 64. Rb1+ } 64... Kc3 } 65. Rc1+ } 65... Kb2 } 66. Rc6 } 66... Rxg4 } 67.
Rb6+ } 67... Kc3 } 68. Rc6+ } 68... Kd4 } 69. Rd6+ } 69... Kxe4 } 70. Rxf6 }
70... Rg2+ } 71. Ke1 } 71... Ke3 } 72. Rf5 } 72... Rg1+ } 73. Rf1 } 73...
Rxf1+ } 74. Kxf1 } 74... g4 } 75. Kg2 } 75... Kf4 } 76. Kf2 } 76... e4 } 77.
Ke2 } 77... g3 } 78. Kf1 } 78... e3 } 79. Kg2 } 79... e2 } 80. Kg1 } 80...
e1=Q+ } {#R} 0-1